000 00409nam a2200169Ia 4500
008 230524s9999 xx 000 0 und d
020 _a8173665176
082 _a133.324
_bSTE
100 _aSteven Feuerstein
245 0 _aORACLE- PL/SQL Programming
250 _a4TH
260 _aNEW DELHI
_bShroff
_c2005
300 _aXXIII;989+10
500 _aQuantity Number: 3
650 _aComp-Sc
942 _cBK
999 _c19566
_d19566